| 000 | 00385nam a2200169Ia 4500 | ||
|---|---|---|---|
| 005 | 20250423100004.0 | ||
| 008 | 250422s9999 xx 000 0 und d | ||
| 020 | _a978-978-53316-7-7 | ||
| 050 | _aKP 65. A3/ | ||
| 100 | _aAdegbite,Kehinde | ||
| 245 | 0 | _aLearning The Law in Nigeria | |
| 260 | _aLagos | ||
| 260 | _bPrinceton | ||
| 260 | _c2015 | ||
| 300 | _a409 p | ||
| 942 | _cBK | ||
| 999 |
_c31952 _d31952 |
||